| 000 | 00364nam a2200145Ia 4500 | ||
|---|---|---|---|
| 008 | 221030s9999 xx 000 0 und d | ||
| 041 | _aEnglish | ||
| 082 | _a105.23 | ||
| 100 | _aB. C. Desai | ||
| 245 | 3 |
_aAn Introduction to Database systems _cby B. C. Desai |
|
| 260 |
_bGalgotia Pub _aNew Delhi _c2010 |
||
| 300 | _a934 | ||
| 650 | _aMBA Computers | ||
| 942 | _cBK | ||
| 999 |
_c8869 _d8869 |
||